[Event "4. Bayer Open"]
[Site "Leverkusen"]
[Date "2007.01.29"]
[Round "3"]
[White "Schüppen, Heinrich"]
[Black "van Hove, Ode"]
[Result "1-0"]
[WhiteElo "1674"]
[BlackElo "1524"]
[PlyCount "98"]
[EventDate "2007.??.??"]
[EventType "swiss"]
[EventRounds "7"]
[EventCountry "GER"]
[Source "Manfred Birnkot"]
[SourceDate "2007.03.26"]

1. d4 Nf6 2. Bg5 e6 3. Nf3 Be7 4. Nbd2 Nd5 5. Bxe7 Qxe7 6. e4 Nf4 7. g3 Ng6 8.
c3 e5 9. Bg2 d6 10. O-O O-O 11. Qb3 Nd7 12. Rfe1 Nb6 13. a4 a6 14. a5 Nd7 15.
Qc4 Nf6 16. b4 Bd7 17. Qb3 h6 18. c4 c6 19. dxe5 dxe5 20. c5 Be6 21. Qc3 Bg4
22. Nc4 Bxf3 23. Bxf3 Qe6 24. Rad1 Rad8 25. Rd6 Rxd6 26. Nxd6 Rb8 27. Rd1 Ne8
28. Nxe8 Qxe8 29. Rd6 Rd8 30. Qd3 Rxd6 31. Qxd6 Qe7 32. Bg4 Qxd6 33. cxd6 Kf8
34. Bc8 Ke8 35. Bxb7 Kd7 36. Bxa6 Kxd6 37. Bc4 f6 38. a6 Kc7 39. b5 Ne7 40.
bxc6 Nxc6 41. Bd5 Kd6 42. Bxc6 Kxc6 43. Kg2 Kb6 44. Kh3 Kxa6 45. Kg4 g6 46. f4
exf4 $4 47. Kxf4 Kb6 48. e5 fxe5+ 49. Kxe5 Kc6 1-0

[Event "4. Bayer Open"]
[Site "Leverkusen"]
[Date "2007.01.29"]
[Round "3"]
[White "Bauer, Matthias"]
[Black "Erdmann, Kristian"]
[Result "0-1"]
[WhiteElo "1490"]
[BlackElo "1559"]
[PlyCount "66"]
[EventDate "2007.??.??"]
[EventType "swiss"]
[EventRounds "7"]
[EventCountry "GER"]
[Source "Manfred Birnkot"]
[SourceDate "2007.03.26"]

1. d4 d5 2. Nf3 Nf6 3. e3 e6 4. Bd3 Bd6 5. O-O O-O 6. c3 b6 7. Nbd2 Bb7 8. Re1
c5 9. e4 dxe4 10. Nxe4 Nxe4 11. Bxe4 Bxe4 12. Rxe4 Nc6 13. Bf4 Bxf4 14. Rxf4
Qd6 15. Rh4 Rad8 16. Qc2 h6 17. Ng5 f5 18. dxc5 bxc5 19. Nf3 Rd7 20. Re1 e5 21.
Qb3+ Kh8 22. Re2 e4 23. Rd2 Qc7 24. Rxd7 Qxd7 25. Ne1 Qd2 26. Kf1 Ne5 27. Qc2
Rd8 28. Qxd2 Rxd2 29. Rh5 Nd3 30. Nxd3 exd3 31. Ke1 Re2+ 32. Kf1 Rxb2 33. Rxf5
Rb1# 0-1

[Event "4. Bayer Open"]
[Site "Leverkusen"]
[Date "2007.01.29"]
[Round "3"]
[White "Wehr, Günter"]
[Black "Teuber, Alfons"]
[Result "1-0"]
[WhiteElo "1555"]
[BlackElo "1150"]
[PlyCount "101"]
[EventDate "2007.??.??"]
[EventType "swiss"]
[EventRounds "7"]
[EventCountry "GER"]
[Source "Manfred Birnkot"]
[SourceDate "2007.03.26"]

1. d4 d5 2. c4 dxc4 3. e4 e6 4. Bxc4 Bb4+ 5. Nc3 c6 6. a3 Be7 7. Nf3 Nd7 8. Bf4
Nb6 9. Ba2 Nf6 10. O-O O-O 11. e5 Nfd5 12. Be3 Nxe3 13. fxe3 Nd5 14. Qd3 Bg5
15. Nxd5 cxd5 16. Bb1 g6 17. Nxg5 Qxg5 18. Rf6 a5 19. Bc2 b6 20. Raf1 Ba6 21.
Qd2 Bxf1 22. Rxf1 Rac8 23. Rf3 Qd8 24. h3 Qc7 25. Rf2 Qc4 26. h4 h5 27. Qd1 Qc7
28. Qf3 Qe7 29. Qg3 Kh8 30. Kh2 b5 31. Bd3 b4 32. axb4 axb4 33. Rf6 Rg8 34. Qg5
Qf8 35. Be2 Qg7 36. Qf4 Rc7 37. Bxh5 Rf8 38. Bxg6 fxg6 39. Rxf8+ Kh7 40. Rf6
Qh6 41. Rf7+ Rxf7 42. Qxf7+ Qg7 43. Qxe6 Qb7 44. Qd6 Kh6 45. e6 Kh5 46. g3 g5
47. Qe5 Qe7 48. Qxd5 Kg4 49. Qxg5+ Qxg5 50. hxg5 Kxg5 51. e7 1-0

[Event "4. Bayer Open"]
[Site "Leverkusen"]
[Date "2007.01.29"]
[Round "3"]
[White "Reiter, Ute"]
[Black "Fröhling, Ewald"]
[Result "0-1"]
[WhiteElo "1086"]
[BlackElo "1546"]
[PlyCount "100"]
[EventDate "2007.??.??"]
[EventType "swiss"]
[EventRounds "7"]
[EventCountry "GER"]
[Source "Manfred Birnkot"]
[SourceDate "2007.03.26"]

1. e4 e5 2. Nf3 Nc6 3. Bc4 Nf6 4. d3 d5 5. exd5 Nxd5 6. a3 Bg4 7. Nbd2 a6 8. h3
Bh5 9. O-O Bc5 10. b4 Bd4 11. Rb1 Nc3 12. Qe1 Nxb1 13. Nxb1 Bxf3 14. gxf3 Qf6
15. Nd2 Bc3 16. Qe4 O-O 17. Qg4 Nd4 18. Ne4 Qxf3 19. Nxc3 Qxg4+ 20. hxg4 Nxc2
21. Bd5 c6 22. Be4 Nd4 23. Kg2 Rad8 24. Rh1 g6 25. Bg5 Rd7 26. Bf6 Re8 27. g5
Ne6 28. Ne2 c5 29. Kg3 cxb4 30. axb4 Rc8 31. Bxe5 Nxg5 32. f4 Nxe4+ 33. dxe4
Rc4 34. Rc1 Rxc1 35. Nxc1 Rd1 36. Ne2 Rb1 37. Bc3 h5 38. e5 Rd1 39. Kg2 Rd3 40.
Be1 Kf8 41. Kf1 Ke7 42. Bh4+ Ke6 43. Bf2 Kf5 44. Ke1 Kg4 45. Nd4 Kxf4 46. e6
fxe6 47. Nxe6+ Kf3 48. Nc5 Ra3 49. Bd4 h4 50. Be5 Re3+ 0-1

[Event "4. Bayer Open"]
[Site "Leverkusen"]
[Date "2007.01.29"]
[Round "3"]
[White "Liebsch, Felix"]
[Black "Heilmann, Bernhard"]
[Result "0-1"]
[WhiteElo "1008"]
[BlackElo "1506"]
[PlyCount "36"]
[EventDate "2007.??.??"]
[EventType "swiss"]
[EventRounds "7"]
[EventCountry "GER"]
[Source "Manfred Birnkot"]
[SourceDate "2007.03.26"]

1. e4 c6 2. d4 d5 3. e5 Bf5 4. Nf3 e6 5. h3 Nd7 6. Bd3 Bxd3 7. Qxd3 Ne7 8. Bg5
Qb6 9. Qb3 h6 10. Bh4 Nf5 11. Qxb6 Nxb6 12. O-O Nc4 13. Nbd2 Nxd2 14. Nxd2 Nxh4
15. a3 Be7 16. c4 O-O 17. Rac1 Rfc8 18. cxd5 cxd5 0-1

[Event "4. Bayer Open"]
[Site "Leverkusen"]
[Date "2007.01.29"]
[Round "3"]
[White "Buchfelder, Gerhard"]
[Black "Kurochkin, Dimitry"]
[Result "1-0"]
[WhiteElo "1497"]
[BlackElo "884"]
[PlyCount "37"]
[EventDate "2007.??.??"]
[EventType "swiss"]
[EventRounds "7"]
[EventCountry "GER"]
[Source "Manfred Birnkot"]
[SourceDate "2007.03.26"]

1. d4 d5 2. Nf3 Nf6 3. g3 Nc6 4. Bg2 Bg4 5. O-O Qd7 6. Nc3 Bh3 7. Ne5 Qe6 8.
Nxc6 bxc6 9. f3 Qf5 10. g4 Bxg4 11. fxg4 Qxg4 12. Rf4 Qh5 13. e3 Qh6 14. Qf3 e6
15. e4 dxe4 16. Nxe4 Nxe4 17. Qxe4 Rd8 18. Qxc6+ Rd7 19. Rxf7 1-0

[Event "4. Bayer Open"]
[Site "Leverkusen"]
[Date "2007.01.29"]
[Round "3"]
[White "Hingst, Dieter Max"]
[Black "Waraczynski, Herbert"]
[Result "0-1"]
[WhiteElo "917"]
[BlackElo "1450"]
[PlyCount "46"]
[EventDate "2007.??.??"]
[EventType "swiss"]
[EventRounds "7"]
[EventCountry "GER"]
[Source "Manfred Birnkot"]
[SourceDate "2007.03.26"]

1. e4 d6 2. Nf3 Nf6 3. Nc3 g6 4. b3 Bg7 5. Bb2 c5 6. Bc4 O-O 7. d4 Bg4 8. dxc5
Bxf3 9. Qxf3 dxc5 10. e5 Nh5 11. Rd1 Qc7 12. Nd5 Qa5+ 13. c3 Nc6 14. O-O Bxe5
15. Rfe1 Bg7 16. Nxe7+ Nxe7 17. Rxe7 Nf6 18. Qxb7 Qxa2 19. Rxf7 Rxf7 20. Qxa8+
Bf8 21. Bxf7+ Kxf7 22. Qb7+ Kg8 23. Rd2 $4 Qb1+ 0-1

[Event "4. Bayer Open"]
[Site "Leverkusen"]
[Date "2007.02.12"]
[Round "4"]
[White "Mladenov, Svetlin"]
[Black "Balduan, Markus"]
[Result "0-1"]
[WhiteElo "2304"]
[BlackElo "2299"]
[PlyCount "76"]
[EventDate "2007.??.??"]
[EventType "swiss"]
[EventRounds "7"]
[EventCountry "GER"]
[Source "Manfred Birnkot"]
[SourceDate "2007.03.26"]

1. e4 c6 2. d4 d5 3. exd5 cxd5 4. c4 Nf6 5. Nc3 Nc6 6. Bg5 Qa5 7. a3 dxc4 8.
Bxf6 exf6 9. Bxc4 Be7 10. b4 Qf5 11. Nge2 O-O 12. Qb3 a5 13. b5 a4 14. Qd1 Na5
15. Bd5 Rd8 16. Be4 Qh5 17. Qxa4 Bd6 18. Rd1 Be6 19. d5 Bd7 20. Bf3 Qe5 21. Ne4
Rdc8 22. Nxd6 Qxd6 23. Rd4 Nc4 24. Qb4 Rxa3 25. Rxc4 Ra1+ 26. Kd2 Qxb4+ 27.
Rxb4 Rxh1 28. d6 b6 29. Nd4 Ra1 30. Nc6 Kf8 31. Bd5 Rf1 32. Ke2 Rc1 33. Ra4 Rc5
34. Ra7 Rxb5 35. Ne7 Rd8 36. Rc7 Be8 37. Bc6 Re5+ 38. Kf3 Rxd6 0-1

[Event "4. Bayer Open"]
[Site "Leverkusen"]
[Date "2007.02.12"]
[Round "4"]
[White "Khanukov, Boris"]
[Black "Negele, Michael"]
[Result "1-0"]
[WhiteElo "2297"]
[BlackElo "2173"]
[PlyCount "99"]
[EventDate "2007.??.??"]
[EventType "swiss"]
[EventRounds "7"]
[EventCountry "GER"]
[Source "Manfred Birnkot"]
[SourceDate "2007.03.26"]

1. d4 f5 2. c4 Nf6 3. Nc3 e6 4. g3 Bb4 5. Bd2 O-O 6. Bg2 Nc6 7. Nf3 Bxc3 8.
Bxc3 Ne4 9. Rc1 d6 10. O-O Qe7 11. d5 Nxc3 12. Rxc3 Nd8 13. b4 a5 14. a3 e5 15.
c5 Nf7 16. Nd2 axb4 17. axb4 Bd7 18. cxd6 cxd6 19. Rc7 Rfb8 20. Qc2 Qd8 21. Rc1
Rc8 22. Nb3 b6 23. f4 Qe8 24. Rxc8 Rxc8 25. Qd2 Ba4 26. Rxc8 Qxc8 27. Nc1 Qc4
28. e3 g5 29. Bf1 Qc2 30. Qxc2 Bxc2 31. Bd3 Bxd3 32. Nxd3 exf4 33. exf4 gxf4
34. gxf4 Nh8 35. Kf2 Ng6 36. Ke3 Ne7 37. Kd4 b5 38. Nc1 Nc8 39. Ne2 Kf7 40. Nc3
Na7 41. Ke3 Kg6 42. Kf3 Kf6 43. Kg3 Kg6 44. Kh4 Kh6 45. Ne2 Kg6 46. Nd4 h6 47.
Kg3 Kf6 48. Kh3 Kg6 49. Kh4 h5 50. h3 1-0

[Event "4. Bayer Open"]
[Site "Leverkusen"]
[Date "2007.02.12"]
[Round "4"]
[White "Vasiljev, Jurij"]
[Black "Rotstein, Jefim"]
[Result "0-1"]
[WhiteElo "2058"]
[BlackElo "2269"]
[PlyCount "79"]
[EventDate "2007.??.??"]
[EventType "swiss"]
[EventRounds "7"]
[EventCountry "GER"]
[Source "Manfred Birnkot"]
[SourceDate "2007.03.26"]

1. d4 Nf6 2. c4 c5 3. e3 e6 4. Nc3 b6 5. Nf3 d6 6. Be2 Bb7 7. O-O Be7 8. d5 e5
9. Nd2 O-O 10. f4 Nbd7 11. Qc2 a6 12. a4 exf4 13. exf4 Ne8 14. Bd3 Ndf6 15. Nf3
Nc7 16. g4 Nxg4 17. Bxh7+ Kh8 18. Bd3 Bc8 19. h3 Nh6 20. f5 Ne8 21. Ne2 Nf6 22.
Kh1 Nfg8 23. Rg1 Bf6 24. Ng3 Bd7 25. Bf4 Re8 26. Nh5 Qe7 27. Rg3 (27. Nxf6 $1
Nxf6 28. Bxh6 gxh6 29. Rae1 $18) 27... Be5 $2 (27... b5 $16) 28. Bxe5 $18 dxe5
29. Rxg7 e4 30. Ng5 (30. Qc3 $1 $18) 30... Bxf5 31. Be2 $2 (31. Rf1 $1 Nf6 (
31... exd3 32. Qc3 $18) 32. Qc3 $18) 31... Bg6 $11 32. Rg1 Qe5 33. Bf3 Nf6 34.
Qg2 $4 (34. Nxf7+ Nxf7 35. R1xg6 $14) 34... exf3 $19 35. Nxf3 Qxh5 36. Rxg6
fxg6 37. d6 Rad8 38. Ng5 Rxd6 39. Qb7 Rd1 40. Qxb6 (40. Qxb6 Rxg1+ 41. Kxg1
Re1+ 42. Kh2 Qe2+ 43. Kg3 Nf5+ 44. Kf4 Qe3#) 0-1

[Event "4. Bayer Open"]
[Site "Leverkusen"]
[Date "2007.02.12"]
[Round "4"]
[White "Cordts, Ingo"]
[Black "Böhm, Stefan"]
[Result "1-0"]
[WhiteElo "2296"]
[BlackElo "1964"]
[PlyCount "55"]
[EventDate "2007.??.??"]
[EventType "swiss"]
[EventRounds "7"]
[EventCountry "GER"]
[Source "Manfred Birnkot"]
[SourceDate "2007.03.26"]

1. e4 c5 2. Nc3 Nc6 3. f4 g6 4. Nf3 Bg7 5. Bb5 Nd4 6. O-O Nxb5 7. Nxb5 a6 8.
Nc3 e6 9. f5 Ne7 10. d3 d5 11. Bg5 dxe4 12. f6 exf3 13. fxg7 Qd4+ 14. Rf2 Qxg7
15. Ne4 Nd5 16. c4 h6 17. Bd2 Ne7 18. Qxf3 Nc6 19. Nd6+ Ke7 20. Nxf7 Rh7 21.
Qg3 e5 22. Bxh6 Qxf7 23. Qg5+ Ke8 24. Rxf7 Kxf7 25. Rf1+ Bf5 26. g4 Rah8 27.
gxf5 Rxh6 28. fxg6+ 1-0

[Event "4. Bayer Open"]
[Site "Leverkusen"]
[Date "2007.02.12"]
[Round "4"]
[White "Marcziter, Dmitrii"]
[Black "Peschel, Andreas"]
[Result "0-1"]
[WhiteElo "2165"]
[BlackElo "2114"]
[PlyCount "148"]
[EventDate "2007.??.??"]
[EventType "swiss"]
[EventRounds "7"]
[EventCountry "GER"]
[Source "Manfred Birnkot"]
[SourceDate "2007.03.26"]

1. d4 d5 2. Nf3 c6 3. c4 e6 4. Qc2 Nf6 5. Bg5 Nbd7 6. cxd5 exd5 7. Nc3 Be7 8.
e3 O-O 9. Bd3 Re8 10. O-O Nf8 11. Rae1 Ne4 12. Bxe7 Qxe7 13. Bxe4 dxe4 14. Nd2
f5 15. f3 exf3 16. Nxf3 Ng6 17. e4 f4 18. e5 Bg4 19. Ne4 Bxf3 20. Rxf3 Rad8 21.
Qc3 Qe6 22. Rff1 Qxa2 23. b3 Qa6 24. Nd6 Re7 25. Ra1 Qb6 26. Qc4+ Kh8 27. Kh1
Rf8 28. e6 a6 29. Nf7+ Kg8 30. h4 Qb5 31. Qxb5 axb5 32. Rae1 Nxh4 33. Rxf4 Ng6
34. Rg4 Rfe8 35. Rge4 Rf8 36. g4 h6 37. Kh2 Ra8 38. Kg3 Nf8 39. Nd6 g6 40. Rf1
Rd8 41. Rf7 Rxf7 42. exf7+ Kg7 43. Nxb7 Rd7 44. Na5 Rc7 45. Re2 Kxf7 46. Rc2
Ke6 47. Nxc6 Kd6 48. Nb4 Rxc2 49. Nxc2 Ne6 50. Kf3 h5 51. gxh5 gxh5 52. Ke4 Ng7
53. Kf4 h4 54. Ne3 h3 55. Ng4 Ne6+ 56. Ke4 Nc7 57. Nh2 Nd5 58. Nf3 Nb4 59. Nh2
Nc6 60. Nf3 Na5 61. b4 Nc6 62. Kd3 Kd5 63. Nh2 Nxd4 64. Ng4 Nf3 65. Nf2 h2 66.
Ke3 Ne5 67. Nh1 Kc4 68. Kf4 Kxb4 69. Kg3 Kb3 70. Kxh2 b4 71. Nf2 Kc3 72. Nd1+
Kc2 73. Ne3+ Kd2 74. Nf1+ Kd3 0-1

[Event "4. Bayer Open"]
[Site "Leverkusen"]
[Date "2007.02.12"]
[Round "4"]
[White "Ljuboschitz, Alexander"]
[Black "Buchkremer, Felix"]
[Result "1/2-1/2"]
[WhiteElo "2102"]
[BlackElo "2051"]
[PlyCount "34"]
[EventDate "2007.??.??"]
[EventType "swiss"]
[EventRounds "7"]
[EventCountry "GER"]
[Source "Manfred Birnkot"]
[SourceDate "2007.03.26"]

1. e4 e6 2. d4 d5 3. Nc3 Bb4 4. e5 c5 5. a3 Bxc3+ 6. bxc3 Qc7 7. Nf3 b6 8. a4
Ba6 9. Bxa6 Nxa6 10. O-O Ne7 11. Qe2 Nb8 12. dxc5 bxc5 13. c4 Nd7 14. cxd5 Nxd5
15. c4 Ne7 16. Qe4 Qc6 17. Qg4 h5 {Schwarz bietet Remis an.} 1/2-1/2

[Event "4. Bayer Open"]
[Site "Leverkusen"]
[Date "2007.02.12"]
[Round "4"]
[White "Hess, Christian"]
[Black "Gnass, Arno"]
[Result "1-0"]
[WhiteElo "2036"]
[BlackElo "1783"]
[PlyCount "120"]
[EventDate "2007.??.??"]
[EventType "swiss"]
[EventRounds "7"]
[EventCountry "GER"]
[Source "Manfred Birnkot"]
[SourceDate "2007.03.26"]

1. e4 e5 2. f4 exf4 3. Nf3 g5 4. Bc4 Bg7 5. h4 c6 6. Nc3 Qe7 7. Nxg5 d5 8. Bxd5
cxd5 9. Nxd5 Qd7 10. d3 Nf6 11. Nxf4 Qg4 12. Qf3 Qxf3 13. Nxf3 Nc6 14. Bd2 Bg4
15. Bc3 O-O-O 16. O-O Bxf3 17. Rxf3 Rhg8 18. Nh3 Nd4 19. Bxd4 Rxd4 20. Raf1 Rb4
21. Rxf6 Bxf6 22. Rxf6 Rxb2 23. Rxf7 Rxc2 24. Nf4 a5 25. a4 Rc1+ 26. Kf2 Rc7
27. Rf5 b6 28. Nd5 Rc2+ 29. Ke3 Rgxg2 30. Nxb6+ Kb7 31. Nc4 Rg3+ 32. Kd4 Rh3
33. Rf7+ Ka6 34. Rxh7 Rg2 35. Rh6+ Ka7 36. Rh5 Rgg3 37. Rxa5+ Kb8 38. Ne5 Rxh4
39. Rd5 Rh1 40. a5 Ra1 41. Rb5+ Kc7 42. Nc4 Rd1 43. Rb3 Rg8 44. Ne3 Rd8+ 45.
Nd5+ Kc8 46. a6 Ra1 47. Rb6 Kd7 48. Rb7+ Kc6 49. Rb6+ Kd7 50. e5 Ra4+ 51. Ke3
Ra1 52. Rd6+ Ke8 53. Re6+ Kf7 54. Rf6+ Ke8 55. Ke4 Ra4+ 56. d4 Rd7 57. e6 Rd6
58. Ke5 Rc6 59. Rh6 Kf8 60. e7+ Kf7 1-0

[Event "4. Bayer Open"]
[Site "Leverkusen"]
[Date "2007.02.12"]
[Round "4"]
[White "Wirths, Clara"]
[Black "Kies, Werner"]
[Result "1-0"]
[WhiteElo "1901"]
[BlackElo "1952"]
[PlyCount "85"]
[EventDate "2007.??.??"]
[EventType "swiss"]
[EventRounds "7"]
[EventCountry "GER"]
[Source "Manfred Birnkot"]
[SourceDate "2007.03.26"]

1. e4 c5 2. Nf3 e6 3. d4 cxd4 4. Nxd4 a6 5. Bd3 Qc7 6. O-O Nf6 7. Nc3 Bd6 8. h3
Nc6 9. Nxc6 bxc6 10. Kh1 h5 11. f4 Bc5 12. Be2 d6 13. Bf3 Rb8 14. e5 Nd7 15.
exd6 Bxd6 16. Ne4 Be7 17. Bxh5 Nf6 18. Bf3 c5 19. b3 Kf8 20. Nxf6 Bxf6 21. Rb1
c4 22. Ba3+ Kg8 23. Bd6 Qa7 24. Bxb8 Qxb8 25. Be4 c3 26. Qf3 g6 27. Rbd1 a5 28.
a4 Qc7 29. Bc6 Rh4 30. Rd3 Rh5 31. Rfd1 Rf5 32. g3 Rc5 33. Be4 e5 34. f5 Kg7
35. fxg6 fxg6 36. Rd6 Qe7 37. Kg2 Rc7 38. Rb6 Rd7 39. Rxd7 Bxd7 40. Qd3 Bc8 41.
Qxc3 Qd7 42. g4 Qd8 43. Rb8 1-0

[Event "4. Bayer Open"]
[Site "Leverkusen"]
[Date "2007.02.12"]
[Round "4"]
[White "Herrmann, Christoph"]
[Black "Krauth, Alexander"]
[Result "0-1"]
[WhiteElo "1837"]
[BlackElo "2102"]
[PlyCount "66"]
[EventDate "2007.??.??"]
[EventType "swiss"]
[EventRounds "7"]
[EventCountry "GER"]
[Source "Manfred Birnkot"]
[SourceDate "2007.03.26"]

1. Nf3 d6 2. c4 f5 3. d4 Nf6 4. Nc3 g6 5. e3 Bg7 6. Be2 O-O 7. O-O Qe8 8. d5 a5
9. Nd4 Na6 10. b3 c6 11. Bf3 Bd7 12. Bb2 Nc5 13. a3 e5 14. dxe6 Bxe6 15. Qc2
Rd8 16. Rfd1 Bc8 17. b4 axb4 18. axb4 Nce4 19. Na4 Ng4 20. Bxe4 fxe4 21. Rd2
Qe5 22. Nf3 Qe7 23. Bxg7 Qxg7 24. Nd4 c5 25. h3 cxd4 26. hxg4 dxe3 27. Rdd1
exf2+ 28. Kf1 Bxg4 29. Qxe4 Bxd1 30. Rxd1 Qh6 31. g3 Rde8 32. Qd5+ Rf7 33. Qg2
Qe3 0-1

[Event "4. Bayer Open"]
[Site "Leverkusen"]
[Date "2007.02.12"]
[Round "4"]
[White "Reinemer, Frank"]
[Black "Schmitz, Andreas"]
[Result "1-0"]
[WhiteElo "2097"]
[BlackElo "1880"]
[PlyCount "127"]
[EventDate "2007.??.??"]
[EventType "swiss"]
[EventRounds "7"]
[EventCountry "GER"]
[Source "Manfred Birnkot"]
[SourceDate "2007.03.26"]

1. d4 d5 2. c4 e6 3. cxd5 exd5 4. Nc3 c6 5. Qc2 Bd6 6. Nf3 Ne7 7. Bg5 f6 8. Bh4
Bf5 9. Qd2 Na6 10. e3 Nc7 11. Bg3 Ng6 12. Bd3 Bxd3 13. Qxd3 Qe7 14. O-O Bxg3
15. hxg3 O-O 16. Rfc1 Rfe8 17. Rab1 Qd6 18. b4 a6 19. a4 Ne7 20. Nd2 g6 21. Nb3
Kg7 22. Nc5 b6 23. Nb3 Ne6 24. b5 axb5 25. axb5 c5 26. dxc5 Nxc5 27. Nxc5 Qxc5
28. Na4 Qd6 29. Qd4 Nf5 30. Qb4 Qd8 31. Rd1 h5 32. Nc3 Re5 33. e4 Ne7 34. f4
Re6 35. Nxd5 Nxd5 36. Rxd5 Qe8 37. e5 fxe5 38. fxe5 Ra7 39. Qd4 Rb7 40. Rf1
Rbe7 41. Rf6 Kh7 42. Rxe6 Rxe6 43. Rd7+ Kh6 44. Qd2+ g5 45. Rd6 Kg6 46. Qd3+
Kg7 47. Rd7+ Re7 48. Rxe7+ {Weiss war in Zeitnot und stellte die Notation ein.}
Qxe7 49. Qf5 h4 50. gxh4 Qc5+ 51. Kh2 gxh4 52. Qf6+ Kg8 53. Qg6+ Kh8 54. Qd6
Qxb5 55. e6 Qe8 56. Qxb6 Kg7 57. Qd4+ Kg6 58. Qg4+ Kf6 59. Qxh4+ Kg6 60. Qg4+
Kf6 61. Qf4+ Kg7 62. Qf7+ Qxf7 63. exf7 Kxf7 64. Kg3 1-0

[Event "4. Bayer Open"]
[Site "Leverkusen"]
[Date "2007.02.12"]
[Round "4"]
[White "Weiler, Wolfgang"]
[Black "Glaser, Steffen"]
[Result "1-0"]
[WhiteElo "2070"]
[BlackElo "1936"]
[PlyCount "71"]
[EventDate "2007.??.??"]
[EventType "swiss"]
[EventRounds "7"]
[EventCountry "GER"]
[Source "Manfred Birnkot"]
[SourceDate "2007.03.26"]

1. d4 Nf6 2. c4 e6 3. Nf3 b6 4. e3 Be7 5. Nc3 O-O 6. Bd3 d5 7. O-O c5 8. dxc5
dxc4 9. Bxc4 Qxd1 10. Rxd1 Bxc5 11. a3 Bb7 12. b4 Be7 13. Bb2 Nbd7 14. Nb5 Rac8
15. Bb3 a6 16. Nd6 Bxd6 17. Rxd6 Rc6 18. Rad1 Rxd6 19. Rxd6 b5 20. h3 Rc8 21.
Ne1 Kf8 22. f3 Ke7 23. Rd1 Nb6 24. Bd4 Nfd7 25. Nd3 Nc4 26. Nc5 Nd6 27. Nxd7
Kxd7 28. Be5 Rc6 29. Bc2 Ke7 30. Bxh7 g6 31. Bg8 a5 32. Rxd6 Rxd6 33. Bxd6+
Kxd6 34. Bxf7 axb4 35. axb4 g5 36. Be8 1-0

[Event "4. Bayer Open"]
[Site "Leverkusen"]
[Date "2007.02.12"]
[Round "4"]
[White "Ziabari, Morteza"]
[Black "Schimpf, Rolf"]
[Result "1/2-1/2"]
[WhiteElo "1880"]
[BlackElo "1822"]
[PlyCount "41"]
[EventDate "2007.??.??"]
[EventType "swiss"]
[EventRounds "7"]
[EventCountry "GER"]
[Source "Manfred Birnkot"]
[SourceDate "2007.03.26"]

1. e4 d5 2. exd5 Qxd5 3. Nc3 Qa5 4. Nf3 Nf6 5. Bc4 c6 6. O-O Bf5 7. d3 e6 8.
Bd2 Qc7 9. h3 Nbd7 10. Re1 Bd6 11. Ne4 Bxe4 12. dxe4 O-O 13. Qe2 Ne5 14. Nxe5
Bxe5 15. c3 Rad8 16. Rad1 h6 17. Qf1 Bf4 18. Bxf4 Qxf4 19. g3 Qc7 20. Bb3 Rxd1
21. Bxd1 1/2-1/2

[Event "4. Bayer Open"]
[Site "Leverkusen"]
[Date "2007.02.12"]
[Round "4"]
[White "Pützkaul, Karl"]
[Black "Gutt, Oswald"]
[Result "1/2-1/2"]
[WhiteElo "1874"]
[BlackElo "1919"]
[PlyCount "25"]
[EventDate "2007.??.??"]
[EventType "swiss"]
[EventRounds "7"]
[EventCountry "GER"]
[Source "Manfred Birnkot"]
[SourceDate "2007.03.26"]

1. Nf3 d5 2. d4 Nf6 3. c4 e6 4. Nc3 c5 5. e3 Nc6 6. a3 a6 7. dxc5 Bxc5 8. b4
Be7 9. Be2 O-O 10. O-O dxc4 11. Bxc4 b5 12. Be2 Bb7 13. Bb2 1/2-1/2

[Event "4. Bayer Open"]
[Site "Leverkusen"]
[Date "2007.02.12"]
[Round "4"]
[White "Scharff, Klaus"]
[Black "Axmann, Michael"]
[Result "1-0"]
[WhiteElo "1922"]
[BlackElo "1742"]
[PlyCount "105"]
[EventDate "2007.??.??"]
[EventType "swiss"]
[EventRounds "7"]
[EventCountry "GER"]
[Source "Manfred Birnkot"]
[SourceDate "2007.03.26"]

1. d4 d5 2. c4 e6 3. Nc3 Nf6 4. Bg5 Be7 5. Nf3 Nbd7 6. e3 h6 7. Bh4 O-O 8. Bd3
b6 9. O-O Bb7 10. Rc1 Rc8 11. b3 c5 12. Re1 Ne4 13. Bxe7 Qxe7 14. Nd2 Nxc3 15.
Rxc3 e5 16. cxd5 Bxd5 17. Qc1 e4 18. Bb1 Bb7 19. Qa3 a6 20. Rec1 Rc7 21. dxc5
bxc5 22. Qa5 Rfc8 23. b4 f5 24. Nb3 c4 25. Nd4 g6 26. a3 Ne5 27. Ba2 Qd6 28. h3
Bd5 29. Bb1 Kf7 30. Rd1 Nd3 31. f4 exf3 32. Bxd3 f2+ 33. Kxf2 cxd3 34. Rcxd3
Be4 35. R3d2 Re7 36. Nf3 Qf6 37. Rd6 Rc2+ 38. R6d2 Rc3 {
Schwarz bietet Remis an.} 39. Rd6 Rc2+ 40. R6d2 Rc3 41. Rd8 Rc2+ 42. R1d2 Qc3
43. Rxc2 Qxc2+ 44. Rd2 Qc3 45. Qc5 Qf6 $2 (45... Qxc5 $14) 46. Qd4 (46. Rd6 $1
$18) 46... Qe6 47. a4 Bc6 48. Qb6 Qc4 49. Rd6 Qc2+ 50. Kg3 Bxa4 $2 51. Rf6+ Ke8
52. Qb8+ Kd7 53. Rd6# 1-0

[Event "4. Bayer Open"]
[Site "Leverkusen"]
[Date "2007.02.12"]
[Round "4"]
[White "Romaker, Johann"]
[Black "Wolfradt, Dirk"]
[Result "0-1"]
[WhiteElo "1863"]
[BlackElo "2035"]
[PlyCount "100"]
[EventDate "2007.??.??"]
[EventType "swiss"]
[EventRounds "7"]
[EventCountry "GER"]
[Source "Manfred Birnkot"]
[SourceDate "2007.03.26"]

1. e4 Nc6 2. d4 e5 3. d5 Nce7 4. f4 exf4 5. Bxf4 Ng6 6. Bg3 Bc5 7. Nc3 h5 8.
Qd2 d6 9. O-O-O Bd7 10. Nf3 Qe7 11. Bf2 Bb6 12. Bd4 f6 13. Bb5 O-O-O 14. Bxd7+
Qxd7 15. Bxb6 axb6 16. Nd4 Nh6 17. Ne6 Rde8 18. Rdf1 Nf8 19. Nd4 Ng4 20. b3 Ne5
21. Ndb5 Rd8 22. Rd1 Qg4 23. Qd4 Nfd7 24. Qf2 Nc5 25. Qf5+ Qxf5 26. exf5 Ng4
27. Rde1 Rhe8 28. h3 Ne3 29. g4 hxg4 30. hxg4 Re5 31. Rh7 Rg8 32. b4 Nd7 33.
Kd2 Nc4+ 34. Kd1 Rxe1+ 35. Kxe1 Ne3 36. Kd2 Nxg4 37. Nd4 Nh6 38. Ne4 Nf8 39.
Rxh6 gxh6 40. Nxf6 Rg5 41. Ke3 Nd7 42. Ne4 Rg1 43. Ne6 Re1+ 44. Kf4 Rf1+ 45.
Kg4 Ne5+ 46. Kg3 Rf3+ 47. Kg2 Rxf5 48. Nc3 Kd7 49. b5 Nc4 50. Nd4 Ne3+ 0-1

[Event "4. Bayer Open"]
[Site "Leverkusen"]
[Date "2007.02.12"]
[Round "4"]
[White "Lommen, Frank"]
[Black "Karwatzki, Hans-Jürgen"]
[Result "1-0"]
[WhiteElo "2033"]
[BlackElo "1539"]
[PlyCount "75"]
[EventDate "2007.??.??"]
[EventType "swiss"]
[EventRounds "7"]
[EventCountry "GER"]
[Source "Manfred Birnkot"]
[SourceDate "2007.03.26"]

1. Nf3 d5 2. g3 c5 3. Bg2 e6 4. O-O Nc6 5. d3 Bd6 6. e4 Nge7 7. Qe2 O-O 8. c3
Re8 9. e5 Bc7 10. h4 Ng6 11. d4 cxd4 12. cxd4 f6 13. h5 Nh8 14. Bf4 Nf7 15. Rd1
g5 16. hxg6 hxg6 17. Qd3 Kg7 18. exf6+ Kxf6 19. Be3 Ne7 20. g4 Rh8 21. Nc3 a6
22. Qd2 Qd6 23. Ne5 b5 24. Rac1 Qd8 25. Bf4 Bb7 26. Nxf7 Kxf7 27. Nxb5 Ba5 28.
Nc3 Rh4 29. Qe2 Bc7 30. Bg5 Qd6 31. f4 Rh7 32. Re1 Rah8 33. Na4 Nc6 34. Qe3 Rh2
35. Nc5 Bc8 36. Nd3 Bb6 37. Rxc6 Bxd4 38. Qxd4 1-0

[Event "4. Bayer Open"]
[Site "Leverkusen"]
[Date "2007.02.12"]
[Round "?"]
[White "Schipp, Cyrill"]
[Black "Birnkott, Manfred"]
[Result "1/2-1/2"]
[WhiteElo "1820"]
[BlackElo "1905"]
[PlyCount "56"]
[EventDate "2007.??.??"]
[EventType "swiss"]
[EventRounds "7"]
[EventCountry "GER"]
[Source "Manfred Birnkot"]
[SourceDate "2007.03.26"]

1. e4 c5 2. Nf3 d6 3. d4 cxd4 4. Nxd4 Nf6 5. Nc3 g6 6. Be3 Bg7 7. f3 O-O 8. Bc4
Nc6 9. Qd2 Bd7 10. O-O-O Rc8 11. Bb3 Ne5 12. Kb1 Nc4 13. Bxc4 Rxc4 14. Nde2 b5
15. b3 Rc8 16. Bh6 b4 17. Bxg7 Kxg7 18. Nd5 Nxd5 19. Qxd5 a5 20. h4 Qc7 21. Qd2
h5 22. Rdg1 Rh8 23. g4 hxg4 24. fxg4 Qc5 25. h5 g5 26. Nd4 f6 27. Nf5+ Bxf5 28.
exf5 Qc3 1/2-1/2